Essentials of Management (Record no. 5927)

MARC details
000 -LEADER
fixed length control field 00323nam a2200145Ia 4500
008 - FIXED-LENGTH DATA ELEMENTS--GENERAL INFORMATION
fixed length control field 191201s2013 xx 000 0 und d
082 ## - DEWEY DECIMAL CLASSIFICATION NUMBER
Classification number 658
Item number KOE
100 ## - MAIN ENTRY--PERSONAL NAME
Personal name KOONTZ, Harold
245 #0 - TITLE STATEMENT
Title Essentials of Management
250 ## - EDITION STATEMENT
Edition statement Rep
260 ## - PUBLICATION, DISTRIBUTION, ETC. (IMPRINT)
Place of publication, distribution, etc N. delhi
Name of publisher, distributor, etc TMH
Date of publication, distribution, etc 2013
300 ## - PHYSICAL DESCRIPTION
Extent 500
650 ## - SUBJECT ADDED ENTRY--TOPICAL TERM
Topical term or geographic name as entry element BBA
942 ## - ADDED ENTRY ELEMENTS (KOHA)
Source of classification or shelving scheme Dewey Decimal Classification
Koha item type Text Books
Holdings
Withdrawn status Lost status Source of classification or shelving scheme Damaged status Not for loan Collection code Home library Current library Date acquired Source of acquisition Cost, normal purchase price Bill Number Total Checkouts Full call number Acc. no. / Barcode Date last seen Actual Cost, discounted price Bill Date Koha item type
    Dewey Decimal Classification     BBA PIET C-LIBRARY PIET C-LIBRARY 10/07/2014 Orange Books International 475.00 4491   658 KOE 24374 04/12/2019 332.50 09/07/2014 Text Books
    Dewey Decimal Classification     BBA PIET C-LIBRARY PIET C-LIBRARY 10/07/2014 Orange Books International 475.00 4491   658 KOE 24375 04/12/2019 332.50 09/07/2014 Text Books
    Dewey Decimal Classification     BBA PIET C-LIBRARY PIET C-LIBRARY 10/07/2014 Orange Books International 475.00 4491   658 KOE 24376 04/12/2019 332.50 09/07/2014 Text Books
    Dewey Decimal Classification     BBA PIET C-LIBRARY PIET C-LIBRARY 10/07/2014 Orange Books International 475.00 4491   658 KOE 24377 04/12/2019 332.50 09/07/2014 Text Books
    Dewey Decimal Classification     BBA PIET C-LIBRARY PIET C-LIBRARY 10/07/2014 Orange Books International 475.00 4491   658 KOE 24378 04/12/2019 332.50 09/07/2014 Text Books
    Dewey Decimal Classification     BBA PIET C-LIBRARY PIET C-LIBRARY 10/07/2014 Orange Books International 475.00 4491   658 KOE 24379 04/12/2019 332.50 09/07/2014 Text Books

Design & Developed by: PIET Central Library
R70 Miles Stone Pattikalyana Samalkha Panipat 132102
mail ID :- [email protected], Phone No:- 0180-2569700 Ex.216